00350nam a2200097Ia 4500008004100000020001400041100002000055245010600075260005700181300001400238180219s9999 xx 000 0 und d a878914579 aBrandis, Marion aRea's interactive flashcards :bNCLEX-RN national council licensure examination for registered nurses aNew jersey :bResearch & education associationc2004 a343 pages